MARC details
| 000 -LEADER |
| fixed length control field |
02777cam a22002891 4500 |
| 001 - CONTROL NUMBER |
| control field |
31741 |
| 003 - CONTROL NUMBER IDENTIFIER |
| rucl marc code |
BD-RjUL |
| 005 - DATE AND TIME OF LATEST TRANSACTION |
| control field |
20211209051737.0 |
| 008 - FIXED-LENGTH DATA ELEMENTS--GENERAL INFORMATION |
| fixed length control field |
140422s1917 paucf 000 0ceng d |
| 035 ## - SYSTEM CONTROL NUMBER |
| System control number |
(BD-RjUL)31829 |
| 040 ## - CATALOGING SOURCE |
| Original cataloging agency |
DLC |
| Transcribing agency |
CarP |
| Modifying agency |
DLC |
| -- |
BD-RjUL |
| Language of cataloging |
eng |
| 041 ## - LANGUAGE CODE |
| Language code of text/sound track or separate title |
eng |
| 082 ## - DEWEY DECIMAL CLASSIFICATION NUMBER |
| Classification number |
230.96 |
| Author mark and year |
QUA Series-2 (p.229) V-1 1917 |
| 110 2# - MAIN ENTRY--CORPORATE NAME |
| Corporate name or jurisdiction name as entry element |
Philadelphia Yearly Meeting of the Religious Society of Friends. |
| 9 (RLIN) |
96565 |
| 245 10 - TITLE STATEMENT |
| Title |
Quaker biographies / |
| Number of part/section of a work |
Series II : |
| Name of part/section of a work |
brief biographical sketches concerning certain members of the Religious Society of Friends. |
| -- |
Vol I |
| 260 ## - PUBLICATION, DISTRIBUTION, ETC. (IMPRINT) |
| Place of publication, distribution, etc. |
Philadelphia, Pa. : |
| Name of publisher, distributor, etc. |
For sale at Friends' Book Store, |
| Date of publication, distribution, etc. |
1917. |
| 300 ## - PHYSICAL DESCRIPTION |
| Pagination |
229 p. : |
| Illustrations |
ill.; |
| Size |
21 cm. |
| 490 ## - SERIES STATEMENT |
| Series statement |
brief biographical sketches concerning certain members of the Religious Society of Friends. |
| 500 ## - GENERAL NOTE |
| General note |
"Issued by the Representatives of the Religious Society of Friends for Pennsylvania, New Jersey, and Delaware"--P. ii. |
|
| General note |
Forms part of the personal library materials in the Joseph and Elizabeth Robins Pennell Collection. |
| 505 0# - FORMATTED CONTENTS NOTE |
| Formatted contents note |
I. George Fox, by D.H. Forsythe. William Penn, by Lucy B. Roberts. Margaret (Fell) Fox, by Ruth E. Chambers. The Barclays, by D.H. Forsythe.--II. Isaac and Mary Penington, by Abby Newhall. Richard Davies, by D.H. Forsythe. Mary Fisher and Elizabeth Hooton, by Susan Williams. Thomas Ellwood, by Mary S. Allen. William Edmundson, by D.H. Forsythe. John Roberts, by D.H. Forsythe. Youthful disciples, by Susanna S. Kite. Francis Howgill and Edward Burrough, by Susanna S. Kite. Boston martyrs, by Annie B. Gidley.--III. John Woolman, by Edith Bardsley Bellows. Thomas Chalkley, by Walter Brinton. Thomas Story, by Katharine E. Rhoads. Mary Pryor, by M. Elizabeth Haines. Anthony Benezet, by Mary S. Allen. Indian embassages, by Elizabeth W. Warner. Samuel Emlen, by Elizabeth S. Pennell. Exiles of Virginia, by Ann Sharpless. Arthur Howell, by Mary Elizabeth Hopkins. John Churchman, by D.H. Forsythe.--IV. Rebecca Jones, by Ruth E. Chambers. The Fothergills by D.H. Forsythe. Elizabeth Fry, by Frances Tatum Rhoads. Daniel Wheeler, by D.H. Forsythe. Stephen Grellet, by A.C. Garret.--V. William Allen, by Anne Balderston. Thomas Shillitoe, by Esther K. Alsop. Benjamin Seebohm, by Frances Tatum Rhoads. Joseph Sturge, by Lily Sturge. Friends and slavery, by Jessie Gidley Carter. Christine Majolier Alsop, by Emily Forsythe. John M. and Mary Whitall, by Rebecca N. Taylor, The botanists, Bartram and Marshall, by D.H. Forsythe. William Urich Ditzler, by Jane M. Page. |
| 650 #0 - SUBJECT ADDED ENTRY--TOPICAL TERM |
| Topical term or geographic name as entry element |
Quakers |
| Form subdivision |
Biography. |
| 9 (RLIN) |
96597 |
| 830 ## - SERIES ADDED ENTRY--UNIFORM TITLE |
| Uniform title |
brief biographical sketches concerning certain members of the Religious Society of Friends. |
| 942 ## - ADDED ENTRY ELEMENTS (KOHA) |
| Source of classification or shelving scheme |
Dewey Decimal Classification |
| Koha item type |
Books |